00797cam a2200193 a 450000100100000000500170001000800410002702000150006804000250008308200130010810000390012124501060016026000390026630000240030550400340032995201110036395201120047499900170058600001563020200929164110.0931015s1981 xxu 000 0 spa  a0871392739 aDO-SdBNPbspacBNPHU axxxbxxx1 aMontesinos Berrio, Roberto.93522510aAmor y psicologia :bno apto para menores /cRoberto Montesinos Berrio; prólogo, José L. Morales. aNew York :bEdiciones ABRA,c1981. ax, 245 p. ;c22 cm. aIncluye biografía del autor 001050718MOaGRbGRcHDd2010-02-15iLF1l0oxxx xxxp15630-10r2020-06-25w2020-06-25y1ZNo se presta 0010507-18MOaGRbGRcOId2017-04-24iLF1l0oxxx xxxp15630-20r2020-06-25w2020-06-25y1ZNo se presta c15183d15183